| 000 | 00373cam a22001337a 4500 | ||
|---|---|---|---|
| 008 | 180718b1961 xxu||||| |||| 00| 0 eng d | ||
| 082 | _aA99 K383/L51 | ||
| 100 | _aLee, Bruce | ||
| 245 |
_aPresident Kennery: boyhood to White House _cby Bruce Lee |
||
| 260 |
_aLondon _bBlandford Press _c1961 |
||
| 300 | _a187p. | ||
| 500 | _a16/- | ||
| 650 | _aKennedy, John Fitzerland, 1917 | ||
| 999 |
_c371862 _d371862 |
||